| 000 | 01127nam a2200301 i 4500 | ||
|---|---|---|---|
| 001 | 000047842 | ||
| 003 | DO-SdBNP | ||
| 005 | 20260217125520.0 | ||
| 007 | ta | ||
| 008 | 130912s2007 dr 000 0 spa d | ||
| 040 |
_aDO-SdBNP _bspa _cBNPHU _erda |
||
| 041 | _aspa | ||
| 082 |
_a336.7293 _bR426l, 2007 _222 |
||
| 110 | 2 |
_aRepública Dominicana _b[leyes, etc.] _911088 |
|
| 245 | 1 | 0 | _aLey No. 340-06 sobre compras y contrataciones con modificaciones de la ley no. 449-06 y su reglamento de aplicación No. 4090-07. |
| 264 |
_aSanto Domingo : _bDirección General de Contrataciones Públicas, _c2007. |
||
| 300 |
_a141 páginas ; _c21cm. |
||
| 336 |
_ardacontent _btexto _2txt |
||
| 337 |
_ardamedia _bsin mediación _2n |
||
| 338 |
_ardacarrier _bvolumen _2nc |
||
| 590 | _aInventariado, 2018/VM | ||
| 650 | 4 |
_aHacienda pública _xLegislación _zRepública Dominicana _96562 |
|
| 650 | 4 |
_aPolítica de finanzas públicas _zRepública Dominicana _96563 |
|
| 650 | 4 |
_aReforma tributaria _zRepública Dominicana _98275 |
|
| 650 | 4 |
_aPresupuesto _xLegislación _zRepública Dominicana _933735 |
|
| 910 | _aVM | ||
| 942 |
_2ddc _cLBS1 |
||
| 999 |
_c47330 _d47330 |
||